Weight loss club : (Record no. 104110)

MARC details
000 -LEADER
fixed length control field 00543nam a22001817a 4500
005 - DATE AND TIME OF LATEST TRANSACTION
control field 20161206110938.0
010 ## - LCCN (DPL NO)
LC control number ENG-116263
020 ## - INTERNATIONAL STANDARD BOOK NUMBER
International Standard Book Number 9788129124258
Terms of availability 250.00
035 ## - SYSTEM CONTROL NUMBER
System control number EN-99795
037 ## - SOURCE OF ACQUISITION
Source of stock number/acquisition DBAD/PUB
082 ## - DEWEY DECIMAL CLASSIFICATION NUMBER
Classification number N
100 ## - MAIN ENTRY--PERSONAL NAME
Personal name Roy,Devapriya
245 ## - TITLE STATEMENT
Title Weight loss club :
Statement of responsibility, etc by Devapriya Roy
Remainder of title the curious experiments of Nancy Housing cooperative /
260 ## - PUBLICATION, DISTRIBUTION, ETC. (IMPRINT)
Date of publication, distribution, etc 2016
Place of publication, distribution, etc New Delhi
Name of publisher, distributor, etc Rupa Publications
270 ## - ADDRESS
Address 7/16 Ansari Road,Daryaganj
City New Delhi
Postal code 110002
300 ## - PHYSICAL DESCRIPTION
Dimensions 20cm(pbk)
Extent 297p
942 ## - ADDED ENTRY ELEMENTS (KOHA)
Item type English Books
Source of classification or shelving scheme Dewey Decimal Classification
Classification part N
Call number suffix ROY
Holdings
Withdrawn status Lost status Not for loan Collection code Home library Current library Date acquired Source of acquisition Cost, normal purchase price Full call number Barcode Copy number Cost, replacement price Koha item type
      Fiction Bawana Bawana 20/10/2016 DBAD/PUB 250.00 N ROY EN-99795 1 250.00 English Books

© Delhi Public Library
Hit Counter
free hit counter